Logo Biblioteca

Nueva historia de Santa Fe / (Registro nro. 195)

Detalles MARC
000 -LEADER
fixed length control field 01917nam a22002657a 4500
003 - CONTROL NUMBER IDENTIFIER
control field OSt
005 - DATE AND TIME OF LATEST TRANSACTION
control field 20240215101142.0
008 - FIXED-LENGTH DATA ELEMENTS--GENERAL INFORMATION
fixed length control field 240209s2006 |||||||| |||| 00| 0 spa d
020 ## - INTERNATIONAL STANDARD BOOK NUMBER
International Standard Book Number 987224622X
040 ## - CATALOGING SOURCE
Transcribing agency besoc
245 00 - TITLE STATEMENT
Title Nueva historia de Santa Fe /
Statement of responsibility, etc. Darío G. Barriera, director
260 ## - PUBLICATION, DISTRIBUTION, ETC.
Place of publication, distribution, etc. Rosario :
Name of publisher, distributor, etc. Prohistoria Ediciones,
Date of publication, distribution, etc. 2006
300 ## - PHYSICAL DESCRIPTION
Extent 12 v.
505 0# - FORMATTED CONTENTS NOTE
Formatted contents note Tomo 1. Los pueblos originarios / Juan Nobile -- Tomo 2. Conquista y colonización hispánica : Santa Fe la Vieja (1573-1660) / Darío G. Barriera -- Tomo 3. Economía y sociedad : (siglos XVI a XVIII) / Darío Barriera -- Tomo 4. Adiós a la monarquía : de los años revolucionarios a la crisis de 1820 / Griselda B. Tarragó, Darío G. Barriera -- Tomo 5. De la autonomía a la integración : Santa Fe entre 1820 y 1853 / Griselda B. Tarragó -- Tomo 6. La organización productiva y política del territorio provincial (1853-1912) / Marta S. Bonaudo -- Sociabilidad, corporaciones, instituciones (1860-1930) / Sandra R. Fernández -- Tomo 8. Identidad y vida cotidiana (1860-1930) / Sandra R. Fernández -- Tomo 9. El Siglo Veinte : problemas sociales, política de Estado y economías regionales : 1912-1976 / Oscar R. Videla -- Tomo 10. La sociedad en movimiento : expresiones culturales, sociales y deportivas (Siglo XX) / Diego P. Roldán -- Tomo 11. De los cordones industriales a la integración del eje Mercosur (1940-2005) / Gabriela Águila -- Tomo 12. El tiempo presente / Gabriela Águila, Oscar Ruben Videla.-
651 #4 - SUBJECT ADDED ENTRY--GEOGRAPHIC NAME
Geographic name Santa Fe (Argentina)
General subdivision Historia
700 1# - ADDED ENTRY--PERSONAL NAME
Personal name Barriera, Darío G.
Relator term director
-- autor
700 1# - ADDED ENTRY--PERSONAL NAME
Personal name Nobile, Juan
Relator term autor
700 1# - ADDED ENTRY--PERSONAL NAME
Personal name Tarragó, Griselda B.
Relator term autor
700 1# - ADDED ENTRY--PERSONAL NAME
Personal name Marta S. Bonaudo
Relator term autor
700 1# - ADDED ENTRY--PERSONAL NAME
Personal name Fernández, Sandra R.
Relator term autor
700 1# - ADDED ENTRY--PERSONAL NAME
Personal name Oscar R. Videla
Relator term autor
700 1# - ADDED ENTRY--PERSONAL NAME
Personal name Roldán, Diego P.
Relator term autor
700 1# - ADDED ENTRY--PERSONAL NAME
Personal name Águila, Gabriela
Relator term autor
942 ## - ADDED ENTRY ELEMENTS (KOHA)
Source of classification or shelving scheme Universal Decimal Classification
Koha item type Obra General
Suppress in OPAC No
Existencias
Withdrawn status Lost status Source of classification or shelving scheme Damaged status Not for loan Collection Home library Current library Date acquired Serial enumeration / chronology Total checkouts Full call number Barcode Date last seen Price effective from Koha item type
    Universal Decimal Classification     Colección General Biblioteca Escuela de Ciencias Sociales Biblioteca Escuela de Ciencias Sociales 15/02/2024 T.01   94(821.6) N964 000906 15/02/2024 15/02/2024 Obra General
    Universal Decimal Classification     Colección General Biblioteca Escuela de Ciencias Sociales Biblioteca Escuela de Ciencias Sociales 15/02/2024 T.02   94(821.6) N964 000905 15/02/2024 15/02/2024 Obra General
    Universal Decimal Classification     Colección General Biblioteca Escuela de Ciencias Sociales Biblioteca Escuela de Ciencias Sociales 15/02/2024 T.03   94(821.6) N964 000911 15/02/2024 15/02/2024 Obra General
    Universal Decimal Classification     Colección General Biblioteca Escuela de Ciencias Sociales Biblioteca Escuela de Ciencias Sociales 15/02/2024 T.04   94(821.6) N964 000904 15/02/2024 15/02/2024 Obra General
    Universal Decimal Classification     Colección General Biblioteca Escuela de Ciencias Sociales Biblioteca Escuela de Ciencias Sociales 15/02/2024 T.05   94(821.6) N964 000912 15/02/2024 15/02/2024 Obra General
    Universal Decimal Classification     Colección General Biblioteca Escuela de Ciencias Sociales Biblioteca Escuela de Ciencias Sociales 15/02/2024 T.06   94(821.6) N964 000907 15/02/2024 15/02/2024 Obra General
    Universal Decimal Classification     Colección General Biblioteca Escuela de Ciencias Sociales Biblioteca Escuela de Ciencias Sociales 15/02/2024 T.07   94(821.6) N964 000903 15/02/2024 15/02/2024 Obra General
    Universal Decimal Classification     Colección General Biblioteca Escuela de Ciencias Sociales Biblioteca Escuela de Ciencias Sociales 15/02/2024 T.08   94(821.6) N964 000902 15/02/2024 15/02/2024 Obra General
    Universal Decimal Classification     Colección General Biblioteca Escuela de Ciencias Sociales Biblioteca Escuela de Ciencias Sociales 15/02/2024 T.09   94(821.6) N964 000901 15/02/2024 15/02/2024 Obra General
    Universal Decimal Classification     Colección General Biblioteca Escuela de Ciencias Sociales Biblioteca Escuela de Ciencias Sociales 15/02/2024 T.10   94(821.6) N964 000908 15/02/2024 15/02/2024 Obra General
    Universal Decimal Classification     Colección General Biblioteca Escuela de Ciencias Sociales Biblioteca Escuela de Ciencias Sociales 15/02/2024 T.11   94(821.6) N964 000909 15/02/2024 15/02/2024 Obra General
    Universal Decimal Classification     Colección General Biblioteca Escuela de Ciencias Sociales Biblioteca Escuela de Ciencias Sociales 15/02/2024 T.12   94(821.6) N964 000910 15/02/2024 15/02/2024 Obra General
Biblioteca de la Escuela Preuniversitaria en Ciencias Sociales y Humanísticas.
Riobamba 250 bis.
CP 2000 - Rosario - Santa Fe
E-Mail: biblioteca@esociales.unr.edu.ar